Highest Murder Rate Countries with Exceptions - Statistics

General Stats
  • This quiz has been taken 133 times
  • The average score is 16 of 21
Answer Stats
Rate Hint Answer % Correct
9.5 Europe Russia
92%
8.0 Asia Iraq
91%
7.7 Asia Pakistan
88%
6.5 Asia Afghanistan
87%
10.4 Oceania Papua New Guinea
86%
4.8 Asia Yemen
82%
4.3 Europe Ukraine
79%
5.9 Asia Laos
78%
9.9 Asia Philippines
77%
4.3 Oceania Solomon Islands
77%
6.5 Asia Cambodia
76%
7.8 Asia Kazakhstan
76%
15.2 Asia Myanmar
76%
4.3 Asia Turkey
76%
12.8 Asia Turkmenistan
73%
4.3 Asia Lebanon
72%
4.6 Oceania Federated States of Micronesia
70%
8.2 Oceania Kiribati
70%
7.5 Asia Mongolia
69%
5.2 Asia North Korea
64%
5.5 Europe Lithuania
40%
No matching quizzes found
Score Distribution
Percent of People with Each Score
Percentile by Number Answered
Your Score History
You have not taken this quiz